[Event "Chessable Masters - Torneo preliminare"]
[White "Anton Guijarro, David"]
[Black "Matamoros Franco, Carlos S."]
[WhiteFideId "2285525"]
[BlackFideId "3600017"]
[WhiteElo "2635"]
[BlackElo "2407"]
[Result "1-0"]
[Round "2"]
[TimeControl "600+2"]
[Date "2023.03.13"]
[WhiteClock "0:03:49"]
[BlackClock "0:02:37"]

1. Nf3 {[%clk 0:10:01]}  Nf6 {[%clk 0:09:58]} 2. b3 {[%clk 0:10:02]}  g6 {[%clk 0:09:56]} 3. Bb2 {[%clk 0:10:02]}  Bg7 {[%clk 0:09:58]} 4. g3 {[%clk 0:10:03]}  d6 {[%clk 0:09:49]} 5. d4 {[%clk 0:10:03]}  a5 {[%clk 0:09:47]} 6. Bg2 {[%clk 0:09:47]}  a4 {[%clk 0:09:45]} 7. c4 {[%clk 0:09:37]}  O-O {[%clk 0:09:38]} 8. O-O {[%clk 0:09:34]}  c5 {[%clk 0:09:33]} 9. dxc5 {[%clk 0:07:51]}  dxc5 {[%clk 0:09:23]} 10. Qc1 {[%clk 0:07:52]}  axb3 {[%clk 0:09:11]} 11. axb3 {[%clk 0:07:52]}  Rxa1 {[%clk 0:09:12]} 12. Bxa1 {[%clk 0:07:53]}  Qb6 {[%clk 0:09:02]} 13. Qa3 {[%clk 0:07:17]}  Nc6 {[%clk 0:08:21]} 14. Nc3 {[%clk 0:07:14]}  Nb4 {[%clk 0:07:40]} 15. Na4 {[%clk 0:06:59]}  Qa5 {[%clk 0:07:31]} 16. Bb2 {[%clk 0:06:24]}  Bd7 {[%clk 0:06:55]} 17. Nxc5 {[%clk 0:05:27]}  Qxc5 {[%clk 0:06:02]} 18. Bd4 {[%clk 0:05:27]}  Qd6 {[%clk 0:05:50]} 19. c5 {[%clk 0:05:26]}  Nc2 {[%clk 0:05:40]} 20. Qb2 {[%clk 0:05:21]}  Qe6 {[%clk 0:04:10]} 21. Qxc2 {[%clk 0:05:19]}  Bb5 {[%clk 0:04:10]} 22. Re1 {[%clk 0:05:09]}  Ra8 {[%clk 0:04:07]} 23. Qb2 {[%clk 0:04:52]}  Qa6 {[%clk 0:03:48]} 24. Ne5 {[%clk 0:04:34]}  Ne8 {[%clk 0:02:52]} 25. Nc4 {[%clk 0:04:01]}  Bxd4 {[%clk 0:02:37]} 26. Qxd4 {[%clk 0:04:02]}  Bc6 {[%clk 0:02:37]} 27. Nb6 {[%clk 0:03:49]} 1-0


[Site "Internet"]

[Event "Chessable Masters - Torneo preliminare"]
[White "Drygalov, Sergey"]
[Black "Haub, Thorsten Michael"]
[WhiteFideId "24171743"]
[BlackFideId "4610776"]
[WhiteElo "2461"]
[BlackElo "2456"]
[Result "1-0"]
[Round "2"]
[TimeControl "600+2"]
[Date "2023.03.13"]
[WhiteClock "0:05:20"]
[BlackClock "0:05:10"]

1. d4 {[%clk 0:09:49]}  e6 {[%clk 0:09:59]} 2. c4 {[%clk 0:09:49]}  f5 {[%clk 0:09:59]} 3. Nf3 {[%clk 0:09:46]}  Nf6 {[%clk 0:10:00]} 4. g3 {[%clk 0:09:46]}  Be7 {[%clk 0:10:00]} 5. Bg2 {[%clk 0:09:47]}  O-O {[%clk 0:10:01]} 6. O-O {[%clk 0:09:48]}  Ne4 {[%clk 0:10:01]} 7. Nc3 {[%clk 0:09:37]}  Bf6 {[%clk 0:09:53]} 8. Qd3 {[%clk 0:09:15]}  Nxc3 {[%clk 0:09:46]} 9. bxc3 {[%clk 0:09:16]}  d6 {[%clk 0:09:04]} 10. e4 {[%clk 0:09:16]}  g6 {[%clk 0:09:01]} 11. Bh6 {[%clk 0:09:13]}  Re8 {[%clk 0:08:53]} 12. h4 {[%clk 0:08:57]}  Nc6 {[%clk 0:08:34]} 13. Rfe1 {[%clk 0:08:45]}  e5 {[%clk 0:07:56]} 14. Ng5 {[%clk 0:08:44]}  f4 {[%clk 0:07:39]} 15. gxf4 {[%clk 0:08:32]}  Bg7 {[%clk 0:06:59]} 16. Bxg7 {[%clk 0:07:57]}  Kxg7 {[%clk 0:06:59]} 17. d5 {[%clk 0:07:56]}  Nb8 {[%clk 0:06:51]} 18. fxe5 {[%clk 0:07:52]}  dxe5 {[%clk 0:06:49]} 19. f4 {[%clk 0:07:45]}  h6 {[%clk 0:06:47]} 20. Nf3 {[%clk 0:07:42]}  Nd7 {[%clk 0:06:35]} 21. fxe5 {[%clk 0:05:51]}  Nxe5 {[%clk 0:06:33]} 22. Nxe5 {[%clk 0:05:52]}  Rxe5 {[%clk 0:06:31]} 23. Qd4 {[%clk 0:05:54]}  Qe7 {[%clk 0:06:29]} 24. c5 {[%clk 0:05:53]}  Bd7 {[%clk 0:06:13]} 25. d6 {[%clk 0:05:49]}  cxd6 {[%clk 0:06:13]} 26. cxd6 {[%clk 0:05:50]}  Qe8 {[%clk 0:06:09]} 27. Rf1 {[%clk 0:05:50]}  b6 {[%clk 0:05:11]} 28. Rf3 {[%clk 0:05:42]}  Rc8 {[%clk 0:05:11]} 29. Raf1 {[%clk 0:05:43]}  Rc5 {[%clk 0:05:10]} 30. Qf2 {[%clk 0:05:20]} 1-0


[Site "Internet"]

[Event "Chessable Masters - Torneo preliminare"]
[White "Wagner, Dennis"]
[Black "Sarana, Alexey"]
[WhiteFideId "24650684"]
[BlackFideId "24133795"]
[WhiteElo "2456"]
[BlackElo "2643"]
[Result "1/2-1/2"]
[Round "2"]
[TimeControl "600+2"]
[Date "2023.03.13"]
[WhiteClock "0:02:28"]
[BlackClock "0:05:12"]

1. d4 {[%clk 0:10:01]}  Nf6 {[%clk 0:09:56]} 2. Nf3 {[%clk 0:10:02]}  d5 {[%clk 0:09:57]} 3. c4 {[%clk 0:10:03]}  e6 {[%clk 0:09:58]} 4. g3 {[%clk 0:10:01]}  Bb4+ {[%clk 0:09:57]} 5. Bd2 {[%clk 0:10:01]}  Be7 {[%clk 0:09:58]} 6. Bg2 {[%clk 0:10:01]}  c6 {[%clk 0:10:00]} 7. O-O {[%clk 0:09:59]}  b6 {[%clk 0:10:00]} 8. Qc2 {[%clk 0:09:35]}  O-O {[%clk 0:09:59]} 9. Rd1 {[%clk 0:09:30]}  Nbd7 {[%clk 0:09:52]} 10. b3 {[%clk 0:09:28]}  Bb7 {[%clk 0:09:53]} 11. Nc3 {[%clk 0:09:29]}  Rc8 {[%clk 0:09:48]} 12. e4 {[%clk 0:09:26]}  dxe4 {[%clk 0:09:45]} 13. Nxe4 {[%clk 0:08:05]}  c5 {[%clk 0:09:45]} 14. Nxf6+ {[%clk 0:08:04]}  Bxf6 {[%clk 0:09:44]} 15. Ng5 {[%clk 0:07:32]}  Bxg5 {[%clk 0:09:44]} 16. Bxb7 {[%clk 0:07:30]}  Rc7 {[%clk 0:09:45]} 17. Be4 {[%clk 0:07:16]}  g6 {[%clk 0:09:42]} 18. d5 {[%clk 0:06:34]}  exd5 {[%clk 0:09:38]} 19. Bxd5 {[%clk 0:06:30]}  Bxd2 {[%clk 0:09:39]} 20. Rxd2 {[%clk 0:06:01]}  Qf6 {[%clk 0:09:38]} 21. Re1 {[%clk 0:06:01]}  Kg7 {[%clk 0:09:27]} 22. Rde2 {[%clk 0:05:58]}  Nb8 {[%clk 0:09:26]} 23. Qb2 {[%clk 0:05:27]}  Qxb2 {[%clk 0:09:19]} 24. Rxb2 {[%clk 0:05:29]}  Rd8 {[%clk 0:09:15]} 25. Rbe2 {[%clk 0:05:16]}  Rdd7 {[%clk 0:09:15]} 26. Kg2 {[%clk 0:04:47]}  Na6 {[%clk 0:09:11]} 27. a3 {[%clk 0:04:38]}  Nb8 {[%clk 0:09:12]} 28. h4 {[%clk 0:04:22]}  Nc6 {[%clk 0:09:13]} 29. Bxc6 {[%clk 0:04:16]}  Rxc6 {[%clk 0:09:15]} 30. Re7 {[%clk 0:04:17]}  Rcc7 {[%clk 0:09:14]} 31. Rxd7 {[%clk 0:04:15]}  Rxd7 {[%clk 0:09:15]} 32. Re3 {[%clk 0:04:16]}  h5 {[%clk 0:09:13]} 33. Kf3 {[%clk 0:04:16]}  Rd2 {[%clk 0:09:09]} 34. Re2 {[%clk 0:03:27]}  Rd1 {[%clk 0:09:09]} 35. Re3 {[%clk 0:03:22]}  Rb1 {[%clk 0:09:02]} 36. Rd3 {[%clk 0:03:20]}  Kf6 {[%clk 0:09:02]} 37. Ke4 {[%clk 0:03:19]}  Ke6 {[%clk 0:09:03]} 38. Re3 {[%clk 0:03:15]}  Rd1 {[%clk 0:08:59]} 39. Kf4+ {[%clk 0:03:03]}  Kf6 {[%clk 0:08:59]} 40. Ke4 {[%clk 0:03:00]}  Rd4+ {[%clk 0:08:56]} 41. Kf3 {[%clk 0:03:02]}  Rd2 {[%clk 0:08:55]} 42. a4 {[%clk 0:02:50]}  Kf5 {[%clk 0:08:46]} 43. Rc3 {[%clk 0:02:51]}  f6 {[%clk 0:08:02]} 44. Ke3 {[%clk 0:02:51]}  Rd4 {[%clk 0:07:53]} 45. Kf3 {[%clk 0:02:52]}  g5 {[%clk 0:07:51]} 46. hxg5 {[%clk 0:02:54]}  fxg5 {[%clk 0:07:53]} 47. Re3 {[%clk 0:02:52]}  Rd2 {[%clk 0:07:52]} 48. Kg2 {[%clk 0:02:42]}  Rb2 {[%clk 0:07:34]} 49. Kf3 {[%clk 0:02:42]}  Rb1 {[%clk 0:06:56]} 50. Kg2 {[%clk 0:02:42]}  Rd1 {[%clk 0:06:17]} 51. Kf3 {[%clk 0:02:41]}  Rd6 {[%clk 0:06:16]} 52. Kg2 {[%clk 0:02:39]}  Re6 {[%clk 0:06:06]} 53. Rf3+ {[%clk 0:02:40]}  Kg6 {[%clk 0:05:54]} 54. Rd3 {[%clk 0:02:40]}  Re1 {[%clk 0:05:20]} 55. Rd7 {[%clk 0:02:38]}  Rb1 {[%clk 0:05:19]} 56. Rxa7 {[%clk 0:02:37]}  Rxb3 {[%clk 0:05:20]} 57. a5 {[%clk 0:02:38]}  b5 {[%clk 0:05:08]} 58. cxb5 {[%clk 0:02:26]}  Rxb5 {[%clk 0:05:10]} 59. a6 {[%clk 0:02:27]}  Ra5 {[%clk 0:05:11]} 60. Rc7 {[%clk 0:02:27]}  Rxa6 {[%clk 0:05:12]} 61. Rxc5 {[%clk 0:02:28]} 1/2-1/2


[Site "Internet"]

[Event "Chessable Masters - Torneo preliminare"]
[White "Mamedov, Rauf"]
[Black "Alonso Rosell, Alvar"]
[WhiteFideId "13401653"]
[BlackFideId "2270544"]
[WhiteElo "2632"]
[BlackElo "2473"]
[Result "0-1"]
[Round "2"]
[TimeControl "600+2"]
[Date "2023.03.13"]
[WhiteClock "0:03:43"]
[BlackClock "0:03:42"]

1. e4 {[%clk 0:10:01]}  e5 {[%clk 0:09:59]} 2. Nf3 {[%clk 0:10:02]}  Nc6 {[%clk 0:10:00]} 3. Bb5 {[%clk 0:10:03]}  a6 {[%clk 0:10:01]} 4. Ba4 {[%clk 0:10:04]}  d6 {[%clk 0:10:02]} 5. c3 {[%clk 0:09:59]}  Bd7 {[%clk 0:10:02]} 6. d4 {[%clk 0:10:00]}  g6 {[%clk 0:10:03]} 7. dxe5 {[%clk 0:09:58]}  Nxe5 {[%clk 0:09:58]} 8. Bxd7+ {[%clk 0:09:59]}  Nxd7 {[%clk 0:09:56]} 9. O-O {[%clk 0:09:58]}  Bg7 {[%clk 0:09:55]} 10. Bg5 {[%clk 0:09:58]}  Ngf6 {[%clk 0:09:50]} 11. Nbd2 {[%clk 0:09:59]}  O-O {[%clk 0:09:51]} 12. Re1 {[%clk 0:10:00]}  Re8 {[%clk 0:09:39]} 13. Qc2 {[%clk 0:10:00]}  a5 {[%clk 0:09:40]} 14. Rad1 {[%clk 0:10:00]}  h6 {[%clk 0:09:06]} 15. Bh4 {[%clk 0:09:59]}  a4 {[%clk 0:09:03]} 16. Nc4 {[%clk 0:09:58]}  b5 {[%clk 0:08:58]} 17. Ncd2 {[%clk 0:09:45]}  Qb8 {[%clk 0:08:58]} 18. Bg3 {[%clk 0:09:28]}  Nh5 {[%clk 0:08:51]} 19. a3 {[%clk 0:09:24]}  Qb7 {[%clk 0:08:50]} 20. Bh4 {[%clk 0:09:08]}  Nc5 {[%clk 0:08:46]} 21. Nd4 {[%clk 0:09:03]}  Re5 {[%clk 0:08:22]} 22. f3 {[%clk 0:08:40]}  Rae8 {[%clk 0:08:21]} 23. Bf2 {[%clk 0:08:42]}  d5 {[%clk 0:07:47]} 24. b4 {[%clk 0:06:29]}  axb3 {[%clk 0:06:01]} 25. N2xb3 {[%clk 0:06:29]}  Nxb3 {[%clk 0:06:02]} 26. Qxb3 {[%clk 0:06:30]}  dxe4 {[%clk 0:05:47]} 27. fxe4 {[%clk 0:06:31]}  Nf4 {[%clk 0:05:09]} 28. Re3 {[%clk 0:04:15]}  Rxe4 {[%clk 0:04:17]} 29. Rf3 {[%clk 0:04:16]}  c5 {[%clk 0:03:56]} 30. Qxb5 {[%clk 0:03:57]}  Bxd4 {[%clk 0:03:52]} 31. Qxe8+ {[%clk 0:03:41]}  Rxe8 {[%clk 0:03:52]} 32. cxd4 {[%clk 0:03:43]}  Ne2+ {[%clk 0:03:42]} 0-1


[Site "Internet"]

[Event "Chessable Masters - Torneo preliminare"]
[White "Henriquez Villagra, Cristobal"]
[Black "Wei, Yi"]
[WhiteFideId "3409350"]
[BlackFideId "8603405"]
[WhiteElo "2574"]
[BlackElo "2716"]
[Result "0-1"]
[Round "2"]
[TimeControl "600+2"]
[Date "2023.03.13"]
[WhiteClock "0:00:31"]
[BlackClock "0:03:59"]

1. d4 {[%clk 0:10:01]}  Nf6 {[%clk 0:09:53]} 2. Nf3 {[%clk 0:10:02]}  g6 {[%clk 0:09:49]} 3. g3 {[%clk 0:09:50]}  Bg7 {[%clk 0:09:48]} 4. Bg2 {[%clk 0:09:51]}  O-O {[%clk 0:09:46]} 5. O-O {[%clk 0:09:53]}  d6 {[%clk 0:09:43]} 6. c4 {[%clk 0:09:52]}  Bf5 {[%clk 0:09:44]} 7. Nc3 {[%clk 0:08:32]}  Ne4 {[%clk 0:09:44]} 8. Nh4 {[%clk 0:08:31]}  Nxc3 {[%clk 0:09:45]} 9. bxc3 {[%clk 0:08:33]}  Bc8 {[%clk 0:09:46]} 10. Qb3 {[%clk 0:08:24]}  Nc6 {[%clk 0:09:36]} 11. Be3 {[%clk 0:07:51]}  e5 {[%clk 0:08:42]} 12. Rad1 {[%clk 0:07:29]}  Qe8 {[%clk 0:08:40]} 13. Nf3 {[%clk 0:05:26]}  b6 {[%clk 0:08:33]} 14. c5 {[%clk 0:05:16]}  Ba6 {[%clk 0:08:32]} 15. Qc2 {[%clk 0:04:26]}  Rd8 {[%clk 0:08:01]} 16. d5 {[%clk 0:03:48]}  Ne7 {[%clk 0:07:28]} 17. cxd6 {[%clk 0:03:48]}  cxd6 {[%clk 0:07:28]} 18. c4 {[%clk 0:03:50]}  Nf5 {[%clk 0:07:15]} 19. Bh3 {[%clk 0:03:04]}  Nxe3 {[%clk 0:06:55]} 20. fxe3 {[%clk 0:03:06]}  Bh6 {[%clk 0:06:57]} 21. e4 {[%clk 0:02:59]}  Rb8 {[%clk 0:06:16]} 22. Kg2 {[%clk 0:02:53]}  Rb7 {[%clk 0:06:15]} 23. Qb3 {[%clk 0:02:45]}  Re7 {[%clk 0:05:28]} 24. Rf2 {[%clk 0:02:36]}  Qd8 {[%clk 0:05:07]} 25. Qa4 {[%clk 0:02:14]}  Bb7 {[%clk 0:05:06]} 26. Qb3 {[%clk 0:02:10]}  Qc7 {[%clk 0:04:55]} 27. e3 {[%clk 0:01:47]}  Qc5 {[%clk 0:04:55]} 28. Rd3 {[%clk 0:01:47]}  a5 {[%clk 0:04:22]} 29. Nd2 {[%clk 0:01:40]}  Ba6 {[%clk 0:04:20]} 30. Rf1 {[%clk 0:01:26]}  b5 {[%clk 0:04:17]} 31. Rc1 {[%clk 0:01:10]}  Rc7 {[%clk 0:04:03]} 32. cxb5 {[%clk 0:00:49]}  Qxc1 {[%clk 0:04:04]} 33. bxa6 {[%clk 0:00:51]}  Rc2 {[%clk 0:04:04]} 34. Bd7 {[%clk 0:00:31]}  Rxd2+ {[%clk 0:03:59]} 0-1


[Site "Internet"]

[Event "Chessable Masters - Torneo preliminare"]
[White "Christiansen, Johan-Sebastian"]
[Black "Bortnyk, Olexandr"]
[WhiteFideId "1512668"]
[BlackFideId "14120828"]
[WhiteElo "2481"]
[BlackElo "2643"]
[Result "0-1"]
[Round "2"]
[TimeControl "600+2"]
[Date "2023.03.13"]
[WhiteClock "0:06:09"]
[BlackClock "0:03:38"]

1. e4 {[%clk 0:10:01]}  Nf6 {[%clk 0:09:58]} 2. e5 {[%clk 0:09:57]}  Nd5 {[%clk 0:09:57]} 3. d4 {[%clk 0:09:58]}  d6 {[%clk 0:09:58]} 4. Nf3 {[%clk 0:09:59]}  dxe5 {[%clk 0:10:00]} 5. Nxe5 {[%clk 0:10:00]}  c6 {[%clk 0:10:01]} 6. Be2 {[%clk 0:10:00]}  Bf5 {[%clk 0:10:02]} 7. g4 {[%clk 0:09:57]}  Be6 {[%clk 0:10:03]} 8. c4 {[%clk 0:09:58]}  Nb6 {[%clk 0:10:04]} 9. a4 {[%clk 0:09:59]}  f6 {[%clk 0:10:00]} 10. a5 {[%clk 0:10:00]}  fxe5 {[%clk 0:09:41]} 11. axb6 {[%clk 0:10:01]}  Qxb6 {[%clk 0:09:37]} 12. dxe5 {[%clk 0:09:33]}  Nd7 {[%clk 0:09:28]} 13. Nc3 {[%clk 0:09:31]}  Nxe5 {[%clk 0:09:10]} 14. Be3 {[%clk 0:08:49]}  Qc7 {[%clk 0:07:30]} 15. Qd4 {[%clk 0:08:50]}  g5 {[%clk 0:06:23]} 16. Bxg5 {[%clk 0:08:45]}  Bg7 {[%clk 0:06:19]} 17. Qe4 {[%clk 0:08:46]}  O-O {[%clk 0:05:49]} 18. f4 {[%clk 0:08:33]}  h6 {[%clk 0:05:43]} 19. f5 {[%clk 0:07:31]}  hxg5 {[%clk 0:05:19]} 20. fxe6 {[%clk 0:07:33]}  Rad8 {[%clk 0:04:34]} 21. Rf1 {[%clk 0:07:28]}  Rxf1+ {[%clk 0:04:28]} 22. Kxf1 {[%clk 0:07:28]}  Qb6 {[%clk 0:04:26]} 23. Rd1 {[%clk 0:07:22]}  Rf8+ {[%clk 0:04:24]} 24. Kg2 {[%clk 0:07:24]}  Qxb2 {[%clk 0:04:14]} 25. Na4 {[%clk 0:07:17]}  Qb4 {[%clk 0:03:42]} 26. Qc2 {[%clk 0:06:47]}  b5 {[%clk 0:03:42]} 27. cxb5 {[%clk 0:06:43]}  Nxg4 {[%clk 0:03:39]} 28. Bxg4 {[%clk 0:06:06]}  Qxg4+ {[%clk 0:03:37]} 29. Kh1 {[%clk 0:06:08]}  Qf3+ {[%clk 0:03:38]} 30. Kg1 {[%clk 0:06:09]}  Bd4+ {[%clk 0:03:38]} 0-1


[Site "Internet"]

[Event "Chessable Masters - Torneo preliminare"]
[White "Nigmatov, Ortik"]
[Black "Dubov, Daniil"]
[WhiteFideId "14202131"]
[BlackFideId "24126055"]
[WhiteElo "2344"]
[BlackElo "2727"]
[Result "0-1"]
[Round "2"]
[TimeControl "600+2"]
[Date "2023.03.13"]
[WhiteClock "0:00:04"]
[BlackClock "0:01:54"]

1. e4 {[%clk 0:10:01]}  c5 {[%clk 0:09:58]} 2. Nf3 {[%clk 0:10:01]}  e6 {[%clk 0:09:59]} 3. d4 {[%clk 0:10:02]}  cxd4 {[%clk 0:10:00]} 4. Nxd4 {[%clk 0:10:04]}  Nf6 {[%clk 0:10:02]} 5. Nc3 {[%clk 0:10:04]}  Nc6 {[%clk 0:10:03]} 6. Ndb5 {[%clk 0:10:02]}  d6 {[%clk 0:10:00]} 7. Bf4 {[%clk 0:10:01]}  e5 {[%clk 0:10:01]} 8. Bg5 {[%clk 0:10:03]}  a6 {[%clk 0:10:03]} 9. Na3 {[%clk 0:10:03]}  b5 {[%clk 0:10:04]} 10. Nd5 {[%clk 0:10:04]}  Be7 {[%clk 0:10:05]} 11. Bxf6 {[%clk 0:09:59]}  Bxf6 {[%clk 0:10:06]} 12. c3 {[%clk 0:08:53]}  Rb8 {[%clk 0:10:06]} 13. Nc2 {[%clk 0:08:52]}  Bg5 {[%clk 0:10:07]} 14. a4 {[%clk 0:08:51]}  bxa4 {[%clk 0:10:07]} 15. Ncb4 {[%clk 0:08:53]}  Nxb4 {[%clk 0:10:08]} 16. cxb4 {[%clk 0:08:52]}  O-O {[%clk 0:10:09]} 17. Bc4 {[%clk 0:07:55]}  Bd7 {[%clk 0:09:57]} 18. Rxa4 {[%clk 0:06:06]}  Bxa4 {[%clk 0:09:53]} 19. Qxa4 {[%clk 0:06:08]}  Kh8 {[%clk 0:09:45]} 20. O-O {[%clk 0:06:05]}  f5 {[%clk 0:09:44]} 21. exf5 {[%clk 0:06:00]}  Rxf5 {[%clk 0:09:46]} 22. Qxa6 {[%clk 0:05:17]}  Ra8 {[%clk 0:09:05]} 23. Qb7 {[%clk 0:05:10]}  e4 {[%clk 0:08:42]} 24. b5 {[%clk 0:04:36]}  e3 {[%clk 0:07:27]} 25. fxe3 {[%clk 0:04:18]}  Rxf1+ {[%clk 0:07:26]} 26. Bxf1 {[%clk 0:04:20]}  Qf8 {[%clk 0:07:07]} 27. Qc6 {[%clk 0:02:12]}  Rc8 {[%clk 0:06:53]} 28. Qa6 {[%clk 0:02:13]}  Rc5 {[%clk 0:05:44]} 29. Nf4 {[%clk 0:02:12]}  Qe8 {[%clk 0:04:45]} 30. b6 {[%clk 0:01:29]}  Rc6 {[%clk 0:03:54]} 31. Qb5 {[%clk 0:00:06]}  Bxf4 {[%clk 0:02:43]} 32. exf4 {[%clk 0:00:08]}  Qe3+ {[%clk 0:02:44]} 33. Kh1 {[%clk 0:00:06]}  Qxb6 {[%clk 0:02:09]} 34. Qf5 {[%clk 0:00:06]}  Qb8 {[%clk 0:02:02]} 35. h3 {[%clk 0:00:04]}  Rc1 {[%clk 0:01:54]} 0-1


[Site "Internet"]

[Event "Chessable Masters - Torneo preliminare"]
[White "Mamedyarov, Shakhriyar"]
[Black "Preotu, Razvan"]
[WhiteFideId "13401319"]
[BlackFideId "2613280"]
[WhiteElo "2703"]
[BlackElo "2532"]
[Result "1-0"]
[Round "2"]
[TimeControl "600+2"]
[Date "2023.03.13"]
[WhiteClock "0:06:44"]
[BlackClock "0:01:12"]

1. d4 {[%clk 0:10:01]}  Nf6 {[%clk 0:09:57]} 2. c4 {[%clk 0:10:01]}  g6 {[%clk 0:09:58]} 3. Nc3 {[%clk 0:10:01]}  d5 {[%clk 0:09:59]} 4. Nf3 {[%clk 0:10:02]}  Bg7 {[%clk 0:09:59]} 5. e3 {[%clk 0:10:03]}  O-O {[%clk 0:09:59]} 6. cxd5 {[%clk 0:10:05]}  Nxd5 {[%clk 0:09:59]} 7. Bc4 {[%clk 0:10:06]}  Nb6 {[%clk 0:09:51]} 8. Bb3 {[%clk 0:10:07]}  c5 {[%clk 0:09:52]} 9. O-O {[%clk 0:10:07]}  cxd4 {[%clk 0:09:49]} 10. exd4 {[%clk 0:10:09]}  Nc6 {[%clk 0:09:49]} 11. d5 {[%clk 0:10:04]}  Na5 {[%clk 0:09:49]} 12. Re1 {[%clk 0:09:40]}  Bg4 {[%clk 0:09:47]} 13. h3 {[%clk 0:09:38]}  Bxf3 {[%clk 0:09:46]} 14. Qxf3 {[%clk 0:09:40]}  Re8 {[%clk 0:09:10]} 15. Rd1 {[%clk 0:09:23]}  Nxb3 {[%clk 0:07:59]} 16. axb3 {[%clk 0:09:23]}  Nc8 {[%clk 0:08:00]} 17. Be3 {[%clk 0:08:57]}  Nd6 {[%clk 0:07:05]} 18. Rxa7 {[%clk 0:08:32]}  Rxa7 {[%clk 0:07:01]} 19. Bxa7 {[%clk 0:08:34]}  Qa5 {[%clk 0:06:17]} 20. Qe3 {[%clk 0:08:25]}  Ra8 {[%clk 0:06:01]} 21. Bb6 {[%clk 0:08:18]}  Qa6 {[%clk 0:04:42]} 22. Bc5 {[%clk 0:08:09]}  Rc8 {[%clk 0:04:31]} 23. g4 {[%clk 0:07:47]}  b6 {[%clk 0:02:48]} 24. Bb4 {[%clk 0:07:43]}  Qb7 {[%clk 0:02:13]} 25. Na4 {[%clk 0:07:30]}  Rc2 {[%clk 0:01:47]} 26. Qxb6 {[%clk 0:07:02]}  Qxb6 {[%clk 0:01:35]} 27. Nxb6 {[%clk 0:07:04]}  Rxb2 {[%clk 0:01:36]} 28. Bxd6 {[%clk 0:07:00]}  exd6 {[%clk 0:01:38]} 29. Rd3 {[%clk 0:07:01]}  Kf8 {[%clk 0:01:25]} 30. Kg2 {[%clk 0:06:42]}  Ke7 {[%clk 0:01:15]} 31. Re3+ {[%clk 0:06:42]}  Kd8 {[%clk 0:01:12]} 32. Nc4 {[%clk 0:06:44]} 1-0


[Site "Internet"]

[Event "Chessable Masters - Torneo preliminare"]
[White "Pranav, V"]
[Black "Krzyzanowski, Marcin"]
[WhiteFideId "25060783"]
[BlackFideId "1132199"]
[WhiteElo "2462"]
[BlackElo "2435"]
[Result "1-0"]
[Round "2"]
[TimeControl "600+2"]
[Date "2023.03.13"]
[WhiteClock "0:00:15"]
[BlackClock "0:00:07"]

1. e4 {[%clk 0:10:00]}  c5 {[%clk 0:09:59]} 2. Nf3 {[%clk 0:10:01]}  Nc6 {[%clk 0:09:58]} 3. Bb5 {[%clk 0:10:00]}  g6 {[%clk 0:09:55]} 4. O-O {[%clk 0:09:58]}  Bg7 {[%clk 0:09:56]} 5. c3 {[%clk 0:09:55]}  Nf6 {[%clk 0:09:53]} 6. Re1 {[%clk 0:09:47]}  O-O {[%clk 0:09:54]} 7. h3 {[%clk 0:09:46]}  Qb6 {[%clk 0:09:49]} 8. Bf1 {[%clk 0:09:38]}  d6 {[%clk 0:09:14]} 9. Na3 {[%clk 0:09:34]}  e5 {[%clk 0:09:02]} 10. Nc4 {[%clk 0:09:24]}  Qd8 {[%clk 0:08:56]} 11. a4 {[%clk 0:09:23]}  Be6 {[%clk 0:08:54]} 12. d3 {[%clk 0:09:20]}  h6 {[%clk 0:08:52]} 13. Bd2 {[%clk 0:08:22]}  Re8 {[%clk 0:07:48]} 14. b4 {[%clk 0:08:11]}  b6 {[%clk 0:07:41]} 15. Ne3 {[%clk 0:08:05]}  cxb4 {[%clk 0:07:23]} 16. cxb4 {[%clk 0:08:04]}  d5 {[%clk 0:07:25]} 17. exd5 {[%clk 0:06:44]}  Nxd5 {[%clk 0:07:26]} 18. b5 {[%clk 0:06:44]}  Nxe3 {[%clk 0:06:17]} 19. Rxe3 {[%clk 0:06:15]}  Nd4 {[%clk 0:05:58]} 20. Nxd4 {[%clk 0:06:04]}  Qxd4 {[%clk 0:05:50]} 21. Rc1 {[%clk 0:05:40]}  Rac8 {[%clk 0:05:43]} 22. Re4 {[%clk 0:05:26]}  Qb2 {[%clk 0:05:12]} 23. Rb1 {[%clk 0:04:27]}  Qc2 {[%clk 0:04:54]} 24. Qe1 {[%clk 0:04:27]}  f5 {[%clk 0:04:33]} 25. Reb4 {[%clk 0:04:22]}  Bf7 {[%clk 0:04:11]} 26. h4 {[%clk 0:03:47]}  Qa2 {[%clk 0:03:41]} 27. Bc3 {[%clk 0:03:23]}  Qd5 {[%clk 0:03:18]} 28. Rc4 {[%clk 0:03:16]}  Qd8 {[%clk 0:03:00]} 29. Rxc8 {[%clk 0:03:08]}  Qxc8 {[%clk 0:03:02]} 30. Rc1 {[%clk 0:03:05]}  Qd8 {[%clk 0:03:02]} 31. g3 {[%clk 0:03:00]}  Bd5 {[%clk 0:02:58]} 32. Qe2 {[%clk 0:02:46]}  Bb7 {[%clk 0:02:54]} 33. Qa2+ {[%clk 0:02:40]}  Kh7 {[%clk 0:02:53]} 34. h5 {[%clk 0:02:23]}  gxh5 {[%clk 0:02:37]} 35. Qf7 {[%clk 0:02:22]}  Qd5 {[%clk 0:02:29]} 36. Qxf5+ {[%clk 0:02:23]}  Kh8 {[%clk 0:02:20]} 37. Qxh5 {[%clk 0:02:23]}  Rf8 {[%clk 0:02:12]} 38. Bd2 {[%clk 0:02:15]}  Rf5 {[%clk 0:02:00]} 39. Qh4 {[%clk 0:02:10]}  Qf3 {[%clk 0:01:57]} 40. g4 {[%clk 0:01:51]}  Rf6 {[%clk 0:01:19]} 41. Be3 {[%clk 0:01:27]}  Rg6 {[%clk 0:01:01]} 42. g5 {[%clk 0:01:28]}  Bf6 {[%clk 0:00:59]} 43. Qh3 {[%clk 0:00:53]}  Bxg5 {[%clk 0:00:48]} 44. Qxf3 {[%clk 0:00:54]}  Bxf3 {[%clk 0:00:26]} 45. Kh2 {[%clk 0:00:55]}  Bf4+ {[%clk 0:00:22]} 46. Bxf4 {[%clk 0:00:56]}  exf4 {[%clk 0:00:24]} 47. Bh3 {[%clk 0:00:36]}  Rd6 {[%clk 0:00:25]} 48. Rc4 {[%clk 0:00:24]}  Rxd3 {[%clk 0:00:25]} 49. Rxf4 {[%clk 0:00:25]}  Kg7 {[%clk 0:00:23]} 50. Bf5 {[%clk 0:00:25]}  Ra3 {[%clk 0:00:21]} 51. Be6 {[%clk 0:00:23]}  Bd1 {[%clk 0:00:18]} 52. Rf7+ {[%clk 0:00:23]}  Kg6 {[%clk 0:00:18]} 53. Rxa7 {[%clk 0:00:24]}  Rxa4 {[%clk 0:00:09]} 54. Rb7 {[%clk 0:00:24]}  Kg5 {[%clk 0:00:07]} 55. Rxb6 {[%clk 0:00:22]}  Bf3 {[%clk 0:00:08]} 56. Rb8 {[%clk 0:00:18]}  h5 {[%clk 0:00:09]} 57. Rg8+ {[%clk 0:00:09]}  Kf6 {[%clk 0:00:10]} 58. Bb3 {[%clk 0:00:09]}  Rh4+ {[%clk 0:00:09]} 59. Kg3 {[%clk 0:00:11]}  Rg4+ {[%clk 0:00:03]} 60. Kxf3 {[%clk 0:00:12]}  Rb4 {[%clk 0:00:03]} 61. Bc2 {[%clk 0:00:10]}  Rxb5 {[%clk 0:00:04]} 62. Rg6+ {[%clk 0:00:11]}  Kf7 {[%clk 0:00:04]} 63. Rh6 {[%clk 0:00:12]}  Rc5 {[%clk 0:00:05]} 64. Be4 {[%clk 0:00:13]}  Kg7 {[%clk 0:00:06]} 65. Rh7+ {[%clk 0:00:14]}  Kf6 {[%clk 0:00:07]} 66. Kf4 {[%clk 0:00:13]}  Ra5 {[%clk 0:00:06]} 67. f3 {[%clk 0:00:15]}  Rc5 {[%clk 0:00:07]} 68. Rh6+ {[%clk 0:00:13]}  Kg7 {[%clk 0:00:07]} 69. Rd6 {[%clk 0:00:15]}  Ra5 {[%clk 0:00:07]} 70. Rd5 {[%clk 0:00:15]} 1-0


[Site "Internet"]